00566 a2200181 450000100060000002000160000604000370002210000300005924000650008924500600015430000080021436200090022244000130023165000170024494200070026195200990026899900170036774262 a852625414-6 cAnchieta - Colégio São Paulo aSantos, Maria Lúcia dos10aA expressão livre no aprendizado da Lingua Portuguesalpor10aA expressão livre no aprendizado da Lingua Portuguesa a2850 a2004 1aScipione 4aEducação cBK 00104070a88.1b88.1d2023-11-22l0o370 S237p4818/CSPr2023-11-22 14:31:08w2023-11-22yBK c74262d74262